000 00538nam a22001937a 4500
003 CEME
005 20210628203545.0
008 210119b xxu||||| |||| 00| 0 eng d
020 _a81-297-0636-9
040 _c.
082 _a658.1511 ATK
100 _aAtkinson, Anthony A, Kaplan, Robert S, Young, S. Mark
_966244
245 _aManagement accounting
250 _a4TH
260 _aINDIA
_bPEARSON EDUCATION ASIA
_c2005
300 _aXXIV,598P
650 _aACCOUNTING MANAGEMENT.MANAGEMENT ACCOUNTING
_966245
942 _cBK
_2ddc
999 _c574233
_d574233